Акустические методы контроля и диагностики. Ч. 2: учебное пособие

Bibliographische Detailangaben
1. Verfasser: Оглезнева Л. А. Любовь Андреевна
Körperschaft: Национальный исследовательский Томский политехнический университет
Weitere Verfasser: Калиниченко А. Н. Алексей Николаевич
Zusammenfassung:Заглавие с титульного экрана
Электронная версия печатной публикации
В пособии даны теоретические и практические характеристики акустико-эмиссионного метода контроля: природа явления, аппаратура и его применение для различных объектов. Рассмотрены методы и средства вибродиагностики машин и механизмов. Особое внимание уделено вопросам вибродиагностики подшипников, валов, зубчатых передач и электрических машин. Разработано в рамках реализации Инновационной образовательной программы ТПУ по направлению «Неразрушающий контроль» и предназначено для студентов, обучающихся по направлению 200100 «Приборостроение», специальностям 200102 и 220501, для подготовки магистров по программам 200100.22, 200100.23, а также для персонала, аттестуемого на I, II и III уровни квалификации по акустико-эмиссионному и вибродиагностическому методам неразрушающего контроля.
Режим доступа: из корпоративной сети ТПУ
Sprache:Russisch
Veröffentlicht: Томск, Изд-во ТПУ, 2009
Schlagworte:
Online-Zugang:http://www.lib.tpu.ru/fulltext2/m/2012/m116.pdf
Format: MixedMaterials Elektronisch Buch
KOHA link:https://koha.lib.tpu.ru/cgi-bin/koha/opac-detail.pl?biblionumber=212785

MARC

LEADER 00000nam0a2200000 4500
001 212785
005 20250526105157.0
035 |a (RuTPU)RU\TPU\book\232465 
090 |a 212785 
100 |a 20120402d2009 m y0rusy50 ca 
101 0 |a rus 
102 |a RU 
105 |a a j 001zy 
135 |a drnn ---uucaa 
200 1 |a Акустические методы контроля и диагностики. Ч. 2  |e учебное пособие  |f Л. А. Оглезнева, А. Н. Калиниченко  |g Национальный исследовательский Томский политехнический университет 
210 |a Томск  |c Изд-во ТПУ  |d 2009 
300 |a Заглавие с титульного экрана 
300 |a Электронная версия печатной публикации 
330 |a В пособии даны теоретические и практические характеристики акустико-эмиссионного метода контроля: природа явления, аппаратура и его применение для различных объектов. Рассмотрены методы и средства вибродиагностики машин и механизмов. Особое внимание уделено вопросам вибродиагностики подшипников, валов, зубчатых передач и электрических машин. Разработано в рамках реализации Инновационной образовательной программы ТПУ по направлению «Неразрушающий контроль» и предназначено для студентов, обучающихся по направлению 200100 «Приборостроение», специальностям 200102 и 220501, для подготовки магистров по программам 200100.22, 200100.23, а также для персонала, аттестуемого на I, II и III уровни квалификации по акустико-эмиссионному и вибродиагностическому методам неразрушающего контроля. 
333 |a Режим доступа: из корпоративной сети ТПУ 
337 |a Adobe Reader 
452 1 |0 (RuTPU)RU\TPU\book\180419  |t  Ч. 2  |d 2009  |p 292 с. 
606 1 |a Технический контроль  |x Акустический метод  |2 stltpush  |3 (RuTPU)RU\TPU\subj\60108 
610 1 |a акустическая эмиссия 
610 1 |a акустико-эмиссионный контроль 
610 1 |a акустико-эмиссионная диагностика 
610 1 |a технические средства 
610 1 |a метрологическое обеспечение 
610 1 |a виброакустическая диагностика 
610 1 |a виброакустический метод 
610 1 |a вибрация 
610 1 |a аппаратура 
610 1 |a датчики 
610 1 |a периодический мониторинг 
610 1 |a непрерывный мониторинг 
610 1 |a учебные пособия 
610 1 |a труды учёных ТПУ 
610 1 |a неразрушающий контроль 
610 1 |a электронный ресурс 
675 |a 620.179.17(075.8)  |v 3 
700 1 |a Оглезнева  |b Л. А.  |c специалист в области контрольно-измерительной техники  |c старший преподпватель Томского политехнического университета  |f 1979-  |g Любовь Андреевна  |9 13927 
701 1 |a Калиниченко  |b А. Н.  |c специалист в области неразрушающего контроля  |c доцент Томского политехнического университета, кандидат технических наук   |f 1981-  |g Алексей Николаевич  |9 12627 
712 0 2 |a Национальный исследовательский Томский политехнический университет  |c (2009- )  |9 26305 
801 1 |a RU  |b 63413507  |c 20090930 
801 2 |a RU  |b 63413507  |c 20230112  |g RCR 
850 |a 63413507 
856 4 |u http://www.lib.tpu.ru/fulltext2/m/2012/m116.pdf 
942 |c CF